000
00312nam a2200121Ia 4500
005
20251222141913.0
008
251222s9999||||xx |||||||||||||| ||spa||
082
_a
371.102.2/V66
100
_a
Villar Angulo, Luis Miguel
245
0
_a
Construcción y Análisis de Enseñanza:
264
_b
Oikos-Tau
942
_c
LIB
999
_c
8455
_d
8455